Geschichte der Juden in Deutschland von der Römerzeit bis zum Zweiten Weltkrieg
| Main Author: | |
|---|---|
| Contributors: | ; |
| Format: | Print Image |
| Language: | German |
| Published: |
München
Beck
1993
|
| In: | Year: 1993 |
| Online Access: |
Table of Contents Table of Contents |
| Availability in Tübingen: | Present in Tübingen. UB: 33 B 1322 |
| Check availability: | HBZ Gateway |
| Subito Delivery Service: | Order now. |
| Keywords: |
MARC
| LEADER | 00000cam a2200000 c 4500 | ||
|---|---|---|---|
| 001 | 129690457 | ||
| 003 | DE-627 | ||
| 005 | 20260206194900.0 | ||
| 007 | tu | ||
| 008 | 931115s1993 gw ||||| 00| ||ger c | ||
| 015 | |a 93,N28,0553 |2 dnb | ||
| 015 | |a 93,A42,1075 |2 dnb | ||
| 016 | 7 | |a 930866630 |2 DE-101 | |
| 020 | |a 3406376037 |c Gewebe |9 3-406-37603-7 | ||
| 035 | |a (DE-627)129690457 | ||
| 035 | |a (DE-603)02536006X | ||
| 035 | |a (DE-576)034474757 | ||
| 035 | |a (DE-599)GBV129690457 | ||
| 035 | |a (OCoLC)231539575 | ||
| 035 | |a (OCoLC)33320411 | ||
| 040 | |a DE-627 |b ger |c DE-627 |e rakwb | ||
| 041 | |a ger | ||
| 044 | |c XA-DE | ||
| 050 | 0 | |a DS135.G3 | |
| 050 | 0 | |a DS134.23 | |
| 082 | 0 | |a 943.004924 |q OCLC | |
| 082 | 0 | 4 | |a 13 |q dnb |
| 084 | |a GESCH 481 |2 sfb | ||
| 084 | |a 63 |2 sdnb | ||
| 084 | |a 13 |2 sdnb | ||
| 084 | |a 63 |2 sdnb | ||
| 084 | |a 63 |a 13 |2 sdnb | ||
| 084 | |a 0 |a 1 |2 ssgn | ||
| 084 | |a BD 6820 |2 rvk |0 (DE-625)rvk/10234: | ||
| 084 | |a BD 9250 |2 rvk |0 (DE-625)rvk/10407: | ||
| 084 | |a NY 4600 |2 rvk |0 (DE-625)rvk/132346: | ||
| 084 | |a NY 4620 |2 rvk |0 (DE-625)rvk/132348: | ||
| 084 | |a 15.40 |2 bkl | ||
| 084 | |a 15.96 |2 bkl | ||
| 090 | |a a | ||
| 100 | 1 | |a Gay, Ruth |d 1922-2006 |0 (DE-588)122803418 |0 (DE-627)082165025 |0 (DE-576)215577701 |4 aut | |
| 109 | |a Gay, Ruth 1922-2006 |a Slotkin, Ruth 1922-2006 | ||
| 240 | 1 | 4 | |a The jews of Germany <dt.> |
| 245 | 1 | 0 | |a Geschichte der Juden in Deutschland von der Römerzeit bis zum Zweiten Weltkrieg |c Ruth Gay. Mit einer Einl. von Peter Gay. Aus dem Engl. übertr. von Christian Spiel |
| 264 | 1 | |a München |b Beck |c 1993 | |
| 300 | |a 280 S. |b zahlr. Ill., graph. Darst., Kt |c 28 cm |e Ill. | ||
| 336 | |a unbewegtes Bild |b sti |2 rdacontent | ||
| 337 | |a ohne Hilfsmittel zu benutzen |b n |2 rdamedia | ||
| 338 | |a Band |b nc |2 rdacarrier | ||
| 500 | |a Literaturverz. S. [273] - 274 | ||
| 505 | 8 | |a Literaturangaben | |
| 505 | 8 | |a Literaturverz. S. [273] - 274 | |
| 583 | 1 | |a Archivierung/Langzeitarchivierung gewährleistet |f SSG |x XA-DE-BW |2 pdager |5 DE-21 | |
| 648 | 7 | |a Geschichte |2 gnd | |
| 650 | 0 | |a Jews |z Germany |x History | |
| 650 | 0 | 7 | |0 (DE-588)4028808-0 |0 (DE-627)10430670X |0 (DE-576)208979565 |a Juden |2 gnd |
| 650 | 4 | |a Juden | |
| 650 | 4 | |a Geschichte | |
| 650 | 4 | |a Deutschland | |
| 650 | 4 | |a Judentum | |
| 650 | 4 | |a Historischer Überblick | |
| 650 | 4 | |a Antisemitismus | |
| 650 | 4 | |a Holocaust/Judenvernichtung | |
| 650 | 4 | |a Register | |
| 650 | 4 | |a Literaturverzeichnis/Bibliographie | |
| 650 | 4 | |a Judaism | |
| 650 | 4 | |a Germany | |
| 650 | 4 | |a historical overview | |
| 650 | 4 | |a Anti-semitism | |
| 650 | 4 | |a persecution of Jews/Holocaust | |
| 650 | 4 | |a Index | |
| 650 | 4 | |a Bibliography | |
| 650 | 4 | |a Juden, Einleitung, Emanzipation, Gay | |
| 651 | 0 | |a Germany |x Ethnic relations | |
| 651 | 7 | |0 (DE-588)4011882-4 |0 (DE-627)104704861 |0 (DE-576)208896155 |a Deutschland |2 gnd | |
| 655 | 7 | |a Bildband |0 (DE-588)4145395-5 |0 (DE-627)104450835 |0 (DE-576)209741139 |2 gnd-content | |
| 689 | 0 | 0 | |d g |0 (DE-588)4011882-4 |0 (DE-627)104704861 |0 (DE-576)208896155 |a Deutschland |2 gnd |
| 689 | 0 | 1 | |d s |0 (DE-588)4028808-0 |0 (DE-627)10430670X |0 (DE-576)208979565 |a Juden |2 gnd |
| 689 | 0 | 2 | |a z |2 gnd |a Geschichte |
| 689 | 0 | |5 DE-101 | |
| 700 | 1 | |a Gay, Peter |d 1923-2015 |0 (DE-588)116472618 |0 (DE-627)07797056X |0 (DE-576)16107359X |4 oth | |
| 700 | 1 | |a Spiel, Christian |d 1932- |0 (DE-588)106626515 |0 (DE-627)077111931 |0 (DE-576)164714537 |4 oth | |
| 700 | 1 | 2 | |a Gay, Ruth |d 1922-2006 |t The jews of Germany <dt.> |
| 856 | 4 | 2 | |u http://www.gbv.de/dms/hebis-darmstadt/toc/2536006X.pdf |m V:DE-603 |m B:DE-17 |q pdf/application |x Verlag |y Inhaltsverzeichnis |3 Inhaltsverzeichnis |7 1 |
| 856 | 4 | 2 | |u http://scans.hebis.de/HEBCGI/show.pl?02536006_toc.pdf |m V:DE-603;B:DE-17 |q application/pdf |3 Inhaltsverzeichnis |7 1 |
| 935 | |a mteo |a mkri |a RFBW | ||
| 935 | |i sf | ||
| 935 | |i Blocktest | ||
| 936 | r | v | |a BD 6820 |b Literaturgeschichte |k Theologie und Religionswissenschaften |k Judaistik |k Religions- und Kulturgeschichte der Juden |k Von Haskalah (Aufklärung) bis ca. 1930 |k Darstellungen |k Literaturgeschichte |0 (DE-627)1270717812 |0 (DE-625)rvk/10234: |0 (DE-576)200717812 |
| 936 | r | v | |a BD 9250 |b Zentraleuropa allgemein (Deutschland, Schweiz, Niederlande) (seit dem Mittelalter) |k Theologie und Religionswissenschaften |k Judaistik |k Religions- und Kulturgeschichte der Juden |k Jüdische Gemeindegeschichte in Palästina und Diaspora |k Zentraleuropa (Deutschland, Schweiz, Niederlande) (seit dem Mittelalter) |k Zentraleuropa allgemein (Deutschland, Schweiz, Niederlande) (seit dem Mittelalter) |0 (DE-627)1270718207 |0 (DE-625)rvk/10407: |0 (DE-576)200718207 |
| 936 | r | v | |a NY 4600 |b Allgemeines |k Geschichte |k Geschichte der Juden |k Geschichte der Juden nach Zeitabschnitten und Ländern |k Juden in Deutschland und Österreich |k Allgemeines |0 (DE-627)1271494841 |0 (DE-625)rvk/132346: |0 (DE-576)201494841 |
| 936 | r | v | |a NY 4620 |b Allgemeines |k Geschichte |k Geschichte der Juden |k Geschichte der Juden nach Zeitabschnitten und Ländern |k Juden in Deutschland und Österreich |k Deutschland |k Allgemeines |0 (DE-627)1270708376 |0 (DE-625)rvk/132348: |0 (DE-576)200708376 |
| 936 | b | k | |a 15.40 |j Deutsche Geschichte: Allgemeines |0 (DE-627)181569612 |
| 936 | b | k | |a 15.96 |j Geschichte des jüdischen Volkes außerhalb des Staates Israel |0 (DE-627)106404660 |
| 936 | s | n | |a n100 |2 mzub |
| 936 | s | n | |a b100 |2 mzub |
| 951 | |a BO | ||
| ELC | |b 1 | ||
| LOK | |0 000 xxxxxcx a22 zn 4500 | ||
| LOK | |0 001 3191306684 | ||
| LOK | |0 003 DE-627 | ||
| LOK | |0 004 129690457 | ||
| LOK | |0 005 20130326171122 | ||
| LOK | |0 008 931006||||||||||||||||ger||||||| | ||
| LOK | |0 040 |a DE-21 |c DE-627 |d DE-21 | ||
| LOK | |0 852 |a DE-21 | ||
| LOK | |0 852 1 |c 33 B 1322 |9 00 | ||
| LOK | |0 935 |a theo |a vord |a theo | ||
| LOK | |0 936ln |a t13 | ||
| LOK | |0 939 |a 06-10-93 |b l01 | ||
| LOK | |0 000 xxxxxcx a22 zn 4500 | ||
| LOK | |0 001 3191306838 | ||
| LOK | |0 003 DE-627 | ||
| LOK | |0 004 129690457 | ||
| LOK | |0 005 20100407081346 | ||
| LOK | |0 008 050309||||||||||||||||ger||||||| | ||
| LOK | |0 040 |a DE-21-52 |c DE-627 |d DE-21-52 | ||
| LOK | |0 541 |e 93/780 | ||
| LOK | |0 689 |a s |0 1310858136 |a Judentum, deutsches | ||
| LOK | |0 852 |a DE-21-52 | ||
| LOK | |0 852 1 |c Ac 593 |m p |9 00 | ||
| LOK | |0 935 |a k052 | ||
| LOK | |0 938 |k p | ||
| LOK | |0 939 |a 09-03-05 |b l01 | ||
| LOK | |0 000 xxxxxcx a22 zn 4500 | ||
| LOK | |0 001 3191306846 | ||
| LOK | |0 003 DE-627 | ||
| LOK | |0 004 129690457 | ||
| LOK | |0 005 20100407101436 | ||
| LOK | |0 008 050719||||||||||||||||ger||||||| | ||
| LOK | |0 040 |a DE-21-93 |c DE-627 |d DE-21-93 | ||
| LOK | |0 541 |e 93/421 | ||
| LOK | |0 689 |a s |0 1311212353 |a Judentum | ||
| LOK | |0 689 |a s |0 1311207023 |a Geschichte | ||
| LOK | |0 689 |a s |0 1311208593 |a Deutschland | ||
| LOK | |0 689 |a s |0 1311211144 |a Juden | ||
| LOK | |0 689 |a s |0 1311207023 |a Geschichte | ||
| LOK | |0 689 |a s |0 1311208593 |a Deutschland | ||
| LOK | |0 852 |a DE-21-93 | ||
| LOK | |0 852 1 |c 13 A 183 |m p |9 00 | ||
| LOK | |0 935 |a k093 | ||
| LOK | |0 938 |k p | ||
| LOK | |0 939 |a 19-07-05 |b l01 | ||
| LOK | |0 000 xxxxxcx a22 zn 4500 | ||
| LOK | |0 001 3191308652 | ||
| LOK | |0 003 DE-627 | ||
| LOK | |0 004 129690457 | ||
| LOK | |0 005 19930922000000 | ||
| LOK | |0 008 930922||||||||||||||||ger||||||| | ||
| LOK | |0 040 |a DE-Frei85 |c DE-627 |d DE-Frei85 | ||
| LOK | |0 852 |a DE-Frei85 | ||
| LOK | |0 852 1 |m p |9 00 | ||
| LOK | |0 938 |k p | ||
| LOK | |0 939 |a 22-09-93 |b l01 | ||
| ORI | |a SA-MARC-krimdoka001.raw | ||
| SIG | |a UB: 33 B 1322 | ||
| TIM | |a 100019901003_100020261231 |b 1990-10-03 - 2026 | ||
